000
00337nam a22001457a 4500
008
210322b ||||| |||| 00| 0 eng d
020
_a
9781133628187
041
_a
eng
080
_2
12th
_a
612.39
082
_a
612.39
100
_a
10
101
_a
NUT
245
_a
Nutrition Concepts & Controversies
_c
Sizer, F. S
942
_2
udc
_c
BK
999
_c
56662
_d
56662